[Event "Nottingham Chessforce"]
[Site "Nottingham"]
[Date "1987.01.24"]
[Round "5"]
[White "Emms, John"]
[Black "Crouch, Colin"]
[Result "1/2-1/2"]
[WhiteElo "2310"]
[BlackElo "2310"]
[PlyCount "84"]
[EventDate "1987.01.20"]
[EventType "tourn"]
[EventRounds "9"]
[EventCountry "ENG"]
[EventCategory "4"]
[SourceDate "1999.11.01"]

1. e4 c5 2. Nf3 d6 3. c3 Nf6 4. h3 g6 5. Bd3 Bg7 6. Bc2 O-O 7. O-O e5 8. d4
exd4 9. cxd4 Nc6 10. dxc5 dxc5 11. Nc3 Be6 12. Be3 b6 13. Qe2 Nh5 14. Rad1 Nd4
15. Nxd4 cxd4 16. Nb5 dxe3 17. Rxd8 exf2+ 18. Rxf2 Raxd8 19. g4 Nf6 20. Bb3
Bxb3 21. axb3 Rde8 22. Nc3 Nd7 23. Kg2 Nc5 24. Qf3 Nxb3 25. Nd5 Nc5 26. Re2 Re6
27. b4 Nd7 28. Qa3 a5 29. bxa5 bxa5 30. Qxa5 Nf6 31. Nxf6+ Bxf6 32. Qc7 Rfe8
33. Qb7 R8e7 34. Qb8+ Kg7 35. Qf4 Re5 36. Qf3 Bh4 37. Qd3 f5 38. gxf5 gxf5 39.
Kf3 fxe4+ 40. Rxe4 Rxe4 41. Qxe4 Rxe4 42. Kxe4 Kf6 1/2-1/2

[Event "Nottingham Chessforce"]
[Site "Nottingham"]
[Date "1987.01.24"]
[Round "5"]
[White "Lawton, Geoffrey W"]
[Black "Arkell, Keith C"]
[Result "1/2-1/2"]
[WhiteElo "2385"]
[BlackElo "2340"]
[PlyCount "42"]
[EventDate "1987.01.20"]
[EventType "tourn"]
[EventRounds "9"]
[EventCountry "ENG"]
[EventCategory "4"]
[SourceDate "1999.11.01"]

1. e4 c6 2. d4 d5 3. exd5 cxd5 4. c4 Nf6 5. Nc3 g6 6. Qb3 Bg7 7. cxd5 O-O 8.
Be2 Nbd7 9. Bf3 Nb6 10. Nge2 Bg4 11. Bxg4 Nxg4 12. a4 Nf6 13. Nf4 a5 14. Qb5
Qd6 15. Ra3 Rfd8 16. O-O Nbxd5 17. Nfxd5 Nxd5 18. Qxb7 Rab8 19. Qa7 Ra8 20. Qb7
Rab8 21. Qa7 Ra8 1/2-1/2

[Event "Nottingham Chessforce"]
[Site "Nottingham"]
[Date "1987.01.24"]
[Round "5"]
[White "Richmond, Peter Allan"]
[Black "Karolyi, Tibor"]
[Result "0-1"]
[WhiteElo "2245"]
[BlackElo "2420"]
[PlyCount "80"]
[EventDate "1987.01.20"]
[EventType "tourn"]
[EventRounds "9"]
[EventCountry "ENG"]
[EventCategory "4"]
[SourceDate "1999.11.01"]

1. d4 d5 2. c4 dxc4 3. Nf3 c5 4. Nc3 Nf6 5. e3 cxd4 6. Qxd4 Qa5 7. Qe5 Qd8 8.
Qd4 Bd7 9. Bxc4 Nc6 10. Ne5 e6 11. Nxc6 Bxc6 12. Qxd8+ Rxd8 13. f3 Bb4 14. Bd2
Nd7 15. O-O-O Ne5 16. Be2 Nd3+ 17. Bxd3 Rxd3 18. Kc2 Rd7 19. e4 O-O 20. Bg5 Rc8
21. Rxd7 Bxd7 22. Kb3 Ba5 23. Rd1 Bc6 24. Rc1 Bc7 25. Be3 a6 26. h3 f5 27. exf5
exf5 28. Rd1 Re8 29. Bc5 Kf7 30. Bd6 Bd8 31. Kc4 Bf6 32. Rd2 g5 33. Bc5 h5 34.
Bd4 Rd8 35. Be3 Rxd2 36. Bxd2 h4 37. Kc5 Ke6 38. Be1 g4 39. hxg4 fxg4 40. Ne4
Bxe4 0-1

[Event "Nottingham Chessforce"]
[Site "Nottingham"]
[Date "1987.01.26"]
[Round "6"]
[White "Lalic, Susan Kathryn"]
[Black "Bryson, Douglas"]
[Result "0-1"]
[WhiteElo "2325"]
[BlackElo "2310"]
[PlyCount "85"]
[EventDate "1987.01.20"]
[EventType "tourn"]
[EventRounds "9"]
[EventCountry "ENG"]
[EventCategory "4"]
[SourceDate "1999.11.01"]

1. e4 Nf6 2. e5 Nd5 3. d4 d6 4. c4 Nb6 5. exd6 cxd6 6. Nc3 g6 7. h3 Bg7 8. Nf3
O-O 9. Be2 Nc6 10. O-O Bf5 11. Bf4 h6 12. Be3 d5 13. b3 dxc4 14. bxc4 Na5 15.
g4 Bc8 16. Qc1 Kh7 17. Nb5 Bd7 18. Rb1 Nbxc4 19. Bxc4 Rc8 20. Nd2 Nxc4 21. Nxc4
Be6 22. Nba3 Bxc4 23. Nxc4 Qd5 24. Qa3 Rxc4 25. Qxe7 b5 26. Rfe1 Rc2 27. Qxa7
Qf3 28. Rxb5 Qxh3 29. Qd7 h5 30. Rxh5+ gxh5 31. Qf5+ Kh8 32. Qxc2 Qxg4+ 33. Kf1
Rc8 34. Qb2 Qf3 35. Rc1 Re8 36. Rc3 Qd1+ 37. Kg2 Rg8 38. Kh2 Be5+ 39. f4 Bxf4+
40. Bxf4 Qg1+ 41. Kh3 Qg4+ 42. Kh2 Qxf4+ 43. Kh3 0-1

[Event "Nottingham Chessforce"]
[Site "Nottingham"]
[Date "1987.01.26"]
[Round "6"]
[White "Crouch, Colin"]
[Black "Lawton, Geoffrey W"]
[Result "1-0"]
[WhiteElo "2310"]
[BlackElo "2385"]
[PlyCount "151"]
[EventDate "1987.01.20"]
[EventType "tourn"]
[EventRounds "9"]
[EventCountry "ENG"]
[EventCategory "4"]
[SourceDate "1999.11.01"]

1. d4 Nf6 2. c4 g6 3. Nc3 Bg7 4. e4 d6 5. Nf3 O-O 6. Be2 e5 7. dxe5 dxe5 8.
Qxd8 Rxd8 9. Bg5 Na6 10. Nd5 Rd6 11. Bxf6 Bxf6 12. Nxf6+ Rxf6 13. Nxe5 Re6 14.
f4 Nc5 15. O-O-O f6 16. Ng4 Nxe4 17. Rd8+ Kg7 18. Bf3 Nd6 19. c5 Nf7 20. Rd2 c6
21. Nf2 Re7 22. a3 g5 23. g3 Be6 24. Re1 Rae8 25. Rde2 Kf8 26. b4 Bc4 27. Rxe7
Rxe7 28. Rxe7 Kxe7 29. Kd2 Nd8 30. Ne4 gxf4 31. Nd6 Be6 32. gxf4 b6 33. f5 Bd7
34. Bh5 Kf8 35. Ke3 Ke7 36. Kf4 Kf8 37. a4 bxc5 38. bxc5 a5 39. Ke4 Ke7 40. Ke3
Kf8 41. Kd4 Ke7 42. Kc4 Kf8 43. Kc3 Ke7 44. Kb2 Kf8 45. Ka3 Ke7 46. Be2 Nf7 47.
Nc4 Bxf5 48. Nxa5 Kd7 49. Nc4 Kc7 50. a5 Be6 51. Kb4 Ne5 52. Nxe5 fxe5 53. Bd3
h6 54. Kc3 Kb7 55. Kd2 Ka7 56. Ke3 Bd5 57. Kf2 Kb7 58. Kg3 Ka7 59. Kg4 Be6+ 60.
Kh5 Bh3 61. Kxh6 e4 62. Bxe4 Ka6 63. Bxc6 Kxa5 64. Be4 Kb5 65. c6 Kb6 66. Kg5
Kc7 67. Bf5 Bf1 68. Bd7 Kd6 69. h4 Ke7 70. h5 Bb5 71. h6 Kf8 72. Kf6 Kg8 73.
Be6+ Kh7 74. c7 Ba6 75. Ke7 Kxh6 76. Kd6 1-0

[Event "Nottingham Chessforce"]
[Site "Nottingham"]
[Date "1987.01.26"]
[Round "6"]
[White "Gallagher, Joseph"]
[Black "Arkell, Keith C"]
[Result "0-1"]
[WhiteElo "2340"]
[BlackElo "2340"]
[PlyCount "80"]
[EventDate "1987.01.20"]
[EventType "tourn"]
[EventRounds "9"]
[EventCountry "ENG"]
[EventCategory "4"]
[SourceDate "1999.11.01"]

1. e4 c6 2. d4 d5 3. f3 e6 4. Nc3 b6 5. Be3 Bb4 6. Nge2 Ba6 7. Qd2 Nf6 8. a3
Bxc3 9. Nxc3 Bxf1 10. Rxf1 Nbd7 11. Bg5 h6 12. Bxf6 Nxf6 13. O-O-O Qc7 14. g4
O-O-O 15. e5 Nd7 16. f4 h5 17. f5 Nf8 18. Qg5 hxg4 19. Qxg7 Rxh2 20. Qxg4 Qe7
21. f6 Qd7 22. Rh1 Rxh1 23. Rxh1 Ng6 24. Rh7 c5 25. a4 a6 26. Kb1 Qc7 27. Ne2
Kb7 28. Rg7 cxd4 29. Nxd4 Nxe5 30. Qh5 Rd7 31. a5 bxa5 32. Qh3 Qb6 33. Qb3 Qxb3
34. Nxb3 Kb6 35. Nd4 a4 36. Rg8 Rb7 37. c3 Nd7 38. Rc8 Rc7 39. Rd8 Nxf6 40.
Rd6+ Kb7 0-1

[Event "Nottingham Chessforce"]
[Site "Nottingham"]
[Date "1987.01.26"]
[Round "6"]
[White "Karolyi, Tibor"]
[Black "Emms, John"]
[Result "1/2-1/2"]
[WhiteElo "2420"]
[BlackElo "2310"]
[PlyCount "34"]
[EventDate "1987.01.20"]
[EventType "tourn"]
[EventRounds "9"]
[EventCountry "ENG"]
[EventCategory "4"]
[SourceDate "1999.11.01"]

1. e4 e6 2. d4 d5 3. Nd2 Nf6 4. exd5 exd5 5. Ngf3 Bd6 6. Be2 O-O 7. O-O Nc6 8.
Re1 Ne7 9. Nf1 Ng6 10. Bd3 c6 11. Ng3 Qc7 12. Nf5 Bxf5 13. Bxf5 Rae8 14. Be3
Ne4 15. Qd3 Re7 16. Re2 Rfe8 17. Rae1 Qa5 1/2-1/2

[Event "Nottingham Chessforce"]
[Site "Nottingham"]
[Date "1987.01.27"]
[Round "7"]
[White "Arkell, Keith C"]
[Black "Crouch, Colin"]
[Result "0-1"]
[WhiteElo "2340"]
[BlackElo "2310"]
[PlyCount "81"]
[EventDate "1987.01.20"]
[EventType "tourn"]
[EventRounds "9"]
[EventCountry "ENG"]
[EventCategory "4"]
[SourceDate "1999.11.01"]

1. c4 g6 2. d4 Bg7 3. Nc3 d6 4. e4 Nf6 5. Nf3 O-O 6. Be2 e5 7. d5 a5 8. Bg5 h6
9. Bh4 Na6 10. Nd2 Qd7 11. a3 Nh7 12. g4 f5 13. gxf5 gxf5 14. Rg1 Nc5 15. b4
axb4 16. axb4 Rxa1 17. Qxa1 Nxe4 18. Ndxe4 fxe4 19. Bg4 Qf7 20. Qd1 Ng5 21. Qd2
Bxg4 22. Bxg5 Qf3 23. Be3 Ra8 24. Qb2 Kh7 25. Kd2 h5 26. Qb1 Kh8 27. Kc2 Qf5
28. Kb2 Bf3 29. Qc1 Qh7 30. Nb5 Bf8 31. Bg5 Qf7 32. Nxc7 Rc8 33. Ne6 Bg4 34.
Qe3 Rxc4 35. Bh6 Be7 36. Bg7+ Kg8 37. Kb3 Rc8 38. h3 Bxe6 39. Bf6+ Kf8 40.
Bxe7+ Kxe7 41. dxe6 0-1

[Event "Nottingham Chessforce"]
[Site "Nottingham"]
[Date "1987.01.27"]
[Round "7"]
[White "Bryson, Douglas"]
[Black "Gallagher, Joseph"]
[Result "1-0"]
[WhiteElo "2310"]
[BlackElo "2340"]
[PlyCount "69"]
[EventDate "1987.01.20"]
[EventType "tourn"]
[EventRounds "9"]
[EventCountry "ENG"]
[EventCategory "4"]
[SourceDate "1999.11.01"]

1. e4 c5 2. Nf3 d6 3. d4 cxd4 4. Nxd4 Nf6 5. Nc3 a6 6. Bg5 e6 7. f4 b5 8. e5
dxe5 9. fxe5 Qc7 10. Qe2 Nfd7 11. O-O-O Bb7 12. Qg4 Qxe5 13. Be2 Bc5 14. Nf3 h5
15. Qh4 Be3+ 16. Kb1 Bxf3 17. Bxe3 Bxe2 18. Bd4 Qf5 19. Nxe2 O-O 20. h3 e5 21.
Bc3 Nc6 22. Rd6 b4 23. Ng3 Qf4 24. Qxf4 exf4 25. Bxg7 Kxg7 26. Nxh5+ Kh7 27.
Rxc6 Ne5 28. Rf6 Rad8 29. Kc1 a5 30. Rxf4 Rc8 31. Rd1 Rc5 32. Nf6+ Kg6 33. Rd6
Rc6 34. Rxc6 Nxc6 35. Nd7 1-0

[Event "Nottingham Chessforce"]
[Site "Nottingham"]
[Date "1987.01.27"]
[Round "7"]
[White "Emms, John"]
[Black "Burgess, Mark"]
[Result "1-0"]
[WhiteElo "2310"]
[BlackElo "2280"]
[PlyCount "117"]
[EventDate "1987.01.20"]
[EventType "tourn"]
[EventRounds "9"]
[EventCountry "ENG"]
[EventCategory "4"]
[SourceDate "1999.11.01"]

1. e4 c6 2. d4 d5 3. exd5 cxd5 4. c4 Nf6 5. Nc3 Nc6 6. Bg5 Qa5 7. Bd2 Qd8 8.
Nf3 Bg4 9. cxd5 Nxd5 10. Qb3 Bxf3 11. gxf3 Nb6 12. O-O-O e6 13. Rg1 Be7 14. Bb5
Bf6 15. Ne4 Rc8 16. Nxf6+ Qxf6 17. Qa3 Nd5 18. Kb1 a6 19. Bxc6+ Rxc6 20. Rc1
Qxd4 21. Rxc6 bxc6 22. Be3 Nxe3 23. fxe3 Qd5 24. e4 Qd4 25. Rc1 Kd7 26. Qxa6
Rc8 27. Qb7+ Rc7 28. Qb3 Kc8 29. Rd1 Qf2 30. Qa3 Kb7 31. Qb4+ Qb6 32. Qc3 f6
33. Qc4 e5 34. a3 Qb5 35. Qxb5+ cxb5 36. Rd6 Rf7 37. Ka2 Kc7 38. Rd5 Kc6 39.
Kb3 Ra7 40. Rd8 Kc7 41. Rh8 h6 42. Kb4 Kd6 43. Rd8+ Ke7 44. Rd2 Rb7 45. Kc5 g5
46. Kc6 Rb8 47. Rd5 h5 48. Rxb5 Rxb5 49. Kxb5 f5 50. exf5 e4 51. Kc4 exf3 52.
Kd3 Kf6 53. Ke3 g4 54. a4 Kxf5 55. a5 Kg5 56. a6 Kh4 57. a7 Kh3 58. a8=Q Kxh2
59. Qh8 1-0

[Event "Nottingham Chessforce"]
[Site "Nottingham"]
[Date "1987.01.27"]
[Round "7"]
[White "Lawton, Geoffrey W"]
[Black "Karolyi, Tibor"]
[Result "1/2-1/2"]
[WhiteElo "2385"]
[BlackElo "2420"]
[PlyCount "21"]
[EventDate "1987.01.20"]
[EventType "tourn"]
[EventRounds "9"]
[EventCountry "ENG"]
[EventCategory "4"]
[SourceDate "1999.11.01"]

1. e4 e5 2. Nf3 Nc6 3. Bb5 g6 4. O-O Bg7 5. c3 a6 6. Ba4 d6 7. d4 Bd7 8. d5
Nce7 9. Bxd7+ Qxd7 10. c4 b6 11. Nc3 1/2-1/2

[Event "Nottingham Chessforce"]
[Site "Nottingham"]
[Date "1987.01.27"]
[Round "7"]
[White "Richmond, Peter Allan"]
[Black "Lalic, Susan Kathryn"]
[Result "1/2-1/2"]
[WhiteElo "2245"]
[BlackElo "2325"]
[PlyCount "28"]
[EventDate "1987.01.20"]
[EventType "tourn"]
[EventRounds "9"]
[EventCountry "ENG"]
[EventCategory "4"]
[SourceDate "1999.11.01"]

1. e4 e5 2. Nf3 Nc6 3. Bb5 a6 4. Ba4 Nf6 5. O-O b5 6. Bb3 Be7 7. Re1 d6 8. c3
O-O 9. h3 Bb7 10. d3 Re8 11. Ng5 Rf8 12. Nf3 Re8 13. Ng5 Rf8 14. Nf3 Re8
1/2-1/2

[Event "Nottingham Chessforce"]
[Site "Nottingham"]
[Date "1987.01.28"]
[Round "8"]
[White "Lalic, Susan Kathryn"]
[Black "Emms, John"]
[Result "1/2-1/2"]
[WhiteElo "2325"]
[BlackElo "2310"]
[PlyCount "48"]
[EventDate "1987.01.20"]
[EventType "tourn"]
[EventRounds "9"]
[EventCountry "ENG"]
[EventCategory "4"]
[SourceDate "1999.11.01"]

1. e4 c5 2. c3 d5 3. exd5 Qxd5 4. d4 Nf6 5. Nf3 Nc6 6. Be2 cxd4 7. cxd4 e6 8.
Nc3 Qd6 9. a3 Be7 10. O-O O-O 11. Nb5 Qd8 12. Bf4 Nd5 13. Bg3 Qb6 14. Nc3 Bf6
15. Na4 Qd8 16. Be5 b6 17. Bd3 Bb7 18. Rc1 Rc8 19. Bb1 Bxe5 20. dxe5 Nf4 21.
Re1 Qe7 22. Qd2 Ng6 23. b4 Rfd8 24. Qe3 Nh4 1/2-1/2

[Event "Nottingham Chessforce"]
[Site "Nottingham"]
[Date "1987.01.28"]
[Round "8"]
[White "Burgess, Mark"]
[Black "Lawton, Geoffrey W"]
[Result "1/2-1/2"]
[WhiteElo "2280"]
[BlackElo "2385"]
[PlyCount "87"]
[EventDate "1987.01.20"]
[EventType "tourn"]
[EventRounds "9"]
[EventCountry "ENG"]
[EventCategory "4"]
[SourceDate "1999.11.01"]

1. Nf3 Nf6 2. c4 g6 3. g3 Bg7 4. Bg2 O-O 5. O-O d6 6. Nc3 e5 7. d3 Nc6 8. Rb1
Nh5 9. b4 f5 10. b5 Ne7 11. Nd5 Nf6 12. Bg5 Nfxd5 13. cxd5 h6 14. Bxe7 Qxe7 15.
Qc2 b6 16. Rb4 a6 17. Rc4 Rf7 18. Rc1 Ra7 19. Ra4 Qe8 20. Qb3 Bf6 21. Nd2 Bd8
22. Nc4 Ra8 23. Rb1 a5 24. Nd2 g5 25. Rc4 Rg7 26. a4 h5 27. Kf1 h4 28. Ke1 Rh7
29. Nf1 Qf7 30. e3 Bb7 31. Rc2 Bf6 32. e4 hxg3 33. hxg3 f4 34. g4 Rf8 35. f3
Bc8 36. Rf2 Bd8 37. Rbb2 Rh4 38. Kd1 Qh7 39. Kc1 Rf7 40. Qd1 Rf6 41. Kb1 Rfh6
42. Ka2 Bd7 43. Qe2 Qf7 44. Rc2 1/2-1/2

[Event "Nottingham Chessforce"]
[Site "Nottingham"]
[Date "1987.01.28"]
[Round "8"]
[White "Gallagher, Joseph"]
[Black "Crouch, Colin"]
[Result "1-0"]
[WhiteElo "2340"]
[BlackElo "2310"]
[PlyCount "67"]
[EventDate "1987.01.20"]
[EventType "tourn"]
[EventRounds "9"]
[EventCountry "ENG"]
[EventCategory "4"]
[SourceDate "1999.11.01"]

1. d4 d5 2. Bg5 f6 3. Bh4 Nh6 4. e3 Nf5 5. Bg3 h5 6. Be2 h4 7. Bh5+ Kd7 8. Bg4
e6 9. Bf4 g5 10. e4 dxe4 11. Bc1 Ke7 12. c3 Qd5 13. Nh3 Nd6 14. O-O Bd7 15. b3
Nc6 16. Be3 b5 17. a4 Rb8 18. axb5 Qxb5 19. Nd2 Nf5 20. Nxe4 Qxb3 21. Qf3 Kf7
22. Bh5+ Kg7 23. Nhxg5 fxg5 24. Qg4 Be7 25. Bxg5 Kf8 26. Bxe7+ Ncxe7 27. Qg5
Rh6 28. g4 hxg3 29. fxg3 Rxh5 30. Qxh5 Bc6 31. Ng5 Kg7 32. Qh7+ Kf6 33. h4 Be8
34. Ne4# 1-0

[Event "Nottingham Chessforce"]
[Site "Nottingham"]
[Date "1987.01.28"]
[Round "8"]
[White "Karolyi, Tibor"]
[Black "Arkell, Keith C"]
[Result "1/2-1/2"]
[WhiteElo "2420"]
[BlackElo "2340"]
[PlyCount "25"]
[EventDate "1987.01.20"]
[EventType "tourn"]
[EventRounds "9"]
[EventCountry "ENG"]
[EventCategory "4"]
[SourceDate "1999.11.01"]

1. c4 c5 2. Nf3 Nc6 3. e3 Nf6 4. Nc3 d6 5. Be2 g6 6. h3 Bg7 7. d4 cxd4 8. exd4
d5 9. O-O O-O 10. a3 b6 11. Ne5 Bb7 12. Bf3 Na5 13. cxd5 1/2-1/2

[Event "Nottingham Chessforce"]
[Site "Nottingham"]
[Date "1987.01.29"]
[Round "9"]
[White "Arkell, Keith C"]
[Black "Burgess, Mark"]
[Result "1-0"]
[WhiteElo "2340"]
[BlackElo "2280"]
[PlyCount "141"]
[EventDate "1987.01.20"]
[EventType "tourn"]
[EventRounds "9"]
[EventCountry "ENG"]
[EventCategory "4"]
[SourceDate "1999.11.01"]

1. e4 c6 2. d4 d5 3. exd5 cxd5 4. c4 Nf6 5. Nc3 e6 6. Nf3 Be7 7. cxd5 exd5 8.
Bb5+ Bd7 9. Bxd7+ Nbxd7 10. O-O O-O 11. Ne5 Nb6 12. Qb3 Rc8 13. a4 a5 14. Bg5
Qd6 15. Qb5 Qb4 16. Nd3 Qxb5 17. axb5 Bb4 18. Na2 Rc2 19. Naxb4 axb4 20. Ra7 b3
21. Rxb7 Nc4 22. Bc1 Re8 23. Nc5 h6 24. Nxb3 Nxb2 25. Nc5 Nc4 26. Bf4 Rb2 27.
h3 Na5 28. Rb6 Nc4 29. Na4 Rb4 30. Ra6 Rxb5 31. Bxh6 Rb3 32. Nc5 Rb2 33. Bc1
Rc2 34. Nd3 Re4 35. Nb4 Rce2 36. Bg5 Nd2 37. Bxd2 Rxd2 38. Nc6 Ree2 39. Ra3 Rc2
40. Ne5 Ne4 41. Re3 Nc3 42. Nf3 Rxe3 43. fxe3 Ne2+ 44. Kh2 Rc3 45. Ra1 Rxe3 46.
Ra8+ Kh7 47. Rd8 Nc3 48. Rd7 f6 49. Nh4 Rd3 50. Nf5 Kg6 51. Ne7+ Kf7 52. Nxd5+
Ke8 53. Nb6 Rd1 54. Rxg7 Rxd4 55. Na8 Kf8 56. Rb7 Ne4 57. Nb6 Kg8 58. Nc8 Rd2
59. h4 Nc5 60. Ra7 Ne6 61. Kg3 Nd4 62. h5 Nc6 63. Rc7 Ne5 64. Ne7+ Kh8 65. Kh3
Rd3+ 66. g3 Rd2 67. Nf5 Rf2 68. Nd6 Kg8 69. h6 Rd2 70. Rg7+ Kh8 71. Ne4 1-0

[Event "Nottingham Chessforce"]
[Site "Nottingham"]
[Date "1987.01.29"]
[Round "9"]
[White "Crouch, Colin"]
[Black "Karolyi, Tibor"]
[Result "1/2-1/2"]
[WhiteElo "2310"]
[BlackElo "2420"]
[PlyCount "44"]
[EventDate "1987.01.20"]
[EventType "tourn"]
[EventRounds "9"]
[EventCountry "ENG"]
[EventCategory "4"]
[SourceDate "1999.11.01"]

1. d4 d5 2. Nf3 c5 3. c4 dxc4 4. e4 Nf6 5. e5 Nd5 6. Bxc4 Nb6 7. Bb3 e6 8. Nc3
Nc6 9. d5 exd5 10. Nxd5 Be6 11. Bg5 Qd7 12. Nxb6 Qxd1+ 13. Rxd1 axb6 14. Bxe6
fxe6 15. a3 Be7 16. h4 h6 17. Bd2 Ra4 18. Bc3 Re4+ 19. Kf1 Rf8 20. h5 b5 21. b3
Rf5 22. Rh3 b4 1/2-1/2

[Event "Nottingham Chessforce"]
[Site "Nottingham"]
[Date "1987.01.29"]
[Round "9"]
[White "Emms, John"]
[Black "Bryson, Douglas"]
[Result "1/2-1/2"]
[WhiteElo "2310"]
[BlackElo "2310"]
[PlyCount "117"]
[EventDate "1987.01.20"]
[EventType "tourn"]
[EventRounds "9"]
[EventCountry "ENG"]
[EventCategory "4"]
[SourceDate "1999.11.01"]

1. Nf3 d5 2. b3 Bg4 3. e3 Nd7 4. h3 Bh5 5. Bb2 Ngf6 6. c4 e6 7. Be2 Bd6 8. Nc3
c6 9. O-O O-O 10. Rc1 Qe7 11. d3 a6 12. e4 Ba3 13. Bxa3 Qxa3 14. g4 Bg6 15. e5
Ne8 16. Nh4 d4 17. Nb1 Qe7 18. Ng2 f6 19. exf6 gxf6 20. f4 Ng7 21. h4 a5 22. h5
Bf7 23. h6 Ne8 24. Nd2 Kh8 25. Qe1 a4 26. Ne4 axb3 27. axb3 c5 28. Bf3 Ra3 29.
Rb1 Rg8 30. Qh4 Nb8 31. g5 Nd7 32. Rfe1 Bg6 33. gxf6 Nexf6 34. Ng5 Nf8 35. Ra1
Rxb3 36. Rab1 Rxb1 37. Rxb1 Bxd3 38. Rxb7 N6d7 39. Bc6 Bxc4 40. Qe1 Rg6 41.
Bxd7 Nxd7 42. Rxd7 Qxd7 43. Qe5+ Rg7 44. hxg7+ Qxg7 45. Qxc5 Bd5 46. Qd6 h6 47.
Qd8+ Qg8 48. Qf6+ Qg7 49. Qd8+ Qg8 50. Nf7+ Kg7 51. Qxg8+ Kxg8 52. Ne5 Kf8 53.
Nh4 Ke7 54. Kf2 Kd6 55. Ke2 Be4 56. Nhf3 Kd5 57. Nh4 Bb1 58. Kf3 Bc2 59. Nf7
1/2-1/2

[Event "Nottingham Chessforce"]
[Site "Nottingham"]
[Date "1987.01.29"]
[Round "9"]
[White "Lawton, Geoffrey W"]
[Black "Lalic, Susan Kathryn"]
[Result "1/2-1/2"]
[WhiteElo "2385"]
[BlackElo "2325"]
[PlyCount "93"]
[EventDate "1987.01.20"]
[EventType "tourn"]
[EventRounds "9"]
[EventCountry "ENG"]
[EventCategory "4"]
[SourceDate "1999.11.01"]

1. e4 e6 2. d4 d5 3. Nd2 Nf6 4. e5 Nfd7 5. f4 c5 6. c3 Nc6 7. Ndf3 Qb6 8. g3
cxd4 9. cxd4 Bb4+ 10. Kf2 f5 11. h3 a5 12. a4 Nf8 13. g4 Ne7 14. Bd3 Bd7 15.
Ne2 O-O-O 16. Rg1 Nfg6 17. Bd2 fxg4 18. hxg4 Rdf8 19. Ke3 Nc6 20. Rh1 Be7 21.
b3 Ngxe5 22. fxe5 Nxe5 23. Neg1 Nxg4+ 24. Ke2 e5 25. Qc2+ Kb8 26. Rh5 e4 27.
Bxe4 dxe4 28. Qxe4 Bb4 29. Rg5 Qa6+ 30. Ke1 Re8 31. Ne5 Nxe5 32. Rxe5 Rhf8 33.
Ne2 Qf6 34. Bxb4 axb4 35. Rc1 Bc6 36. Qe3 g6 37. a5 h5 38. a6 bxa6 39. Rc4 Bb5
40. Kd2 Rc8 41. Re6 Qf3 42. Qe5+ Kb7 43. Re7+ Ka8 44. Rcc7 Qd3+ 45. Ke1 Qb1+
46. Kd2 Qb2+ 47. Ke1 1/2-1/2

[Event "Nottingham Chessforce"]
[Site "Nottingham"]
[Date "1987.01.29"]
[Round "9"]
[White "Richmond, Peter Allan"]
[Black "Gallagher, Joseph"]
[Result "0-1"]
[WhiteElo "2245"]
[BlackElo "2340"]
[PlyCount "56"]
[EventDate "1987.01.20"]
[EventType "tourn"]
[EventRounds "9"]
[EventCountry "ENG"]
[EventCategory "4"]
[SourceDate "1999.11.01"]

1. d4 Nf6 2. Nc3 d5 3. Bg5 Nbd7 4. Qd3 c5 5. e4 cxd4 6. Qxd4 e5 7. Qa4 d4 8.
Nd5 Be7 9. Bxf6 Bxf6 10. Bb5 O-O 11. Bxd7 Bxd7 12. Nxf6+ gxf6 13. Qa3 Rc8 14.
O-O-O Rc6 15. Ne2 Qc7 16. Kb1 Rc8 17. Qg3+ Kf8 18. c3 Be6 19. a3 Rb6 20. Nxd4
exd4 21. Qxc7 Rxc7 22. cxd4 Bb3 23. Rc1 Rbc6 24. Rxc6 Rxc6 25. Re1 Rc4 26. d5
Bc2+ 27. Ka2 Rxe4 28. Rc1 Re2 0-1